An arithmetic riemann roch theorem for singular arithmetic surfaces

Guardat en:
Dades bibliogràfiques
Autor principal: Aitken, Wayne (Autor)
Format: Llibre
Idioma:anglès
Publicat: Providence American Mathematical Society 1996
Col·lecció:Memoirs of the American Mathematical society, 573
Matèries:
Etiquetes: Afegir etiqueta
Sense etiquetes, Sigues el primer a etiquetar aquest registre!

MARC

LEADER 00000nam a2200000 a 4500
001 UCT0420
003 CL-VaPUC
008 960830e19960000US |||||||||||||||||eng|d
082 0 4 |a 512.74  |b AIT  |2 21 
100 0 |a Aitken, Wayne  |e author  |9 369093 
245 1 3 |a An arithmetic riemann roch theorem for singular arithmetic surfaces 
300 |a 174 p 
942 |c BK 
945 |d 19960830 00:00:00  |a nastorga 
260 |a Providence  |b American Mathematical Society  |c 1996 
650 0 |a Álgebra  |9 259567 
650 0 |a Matemática  |9 260235 
650 0 |a Teoría de números  |9 265327 
583 |a last modification  |c 20130320 08:26:34  |k Rodrigo Vera 
490 0 |a Memoirs of the American Mathematical society, 573 
999 |c 251422  |d 251420 
952 |0 0  |1 0  |4 0  |6 512_740000000000000_AIT_1996  |7 0  |8 A  |9 270539  |a BIBMAT  |b BIBMAT  |d 2019-11-19  |i 3225305  |o 512.74 AIT 1996  |p 3225305  |r 2025-01-07  |w 2019-11-19  |y BK  |k MAT